000 00876cam a2200181 4500
001 WB3704-20
008 000000n2001 000 0 eng u
035 _a(Sirsi) u110572
245 _aMowan v Wandsworth LBC
260 _c2001
490 _aEstates Gazette Case Summaries
_v[2001] EGCS 4 (20/01/01)
520 _aCA 21 December 2001. Looks at the issue of whether landlord (W) owed a duty of care in preventing nuisance caused by a tenant. Another tenant had complained to W of nuisance created by neighbour. W applied for claim to be struck out. Court considered whether W liable for nuisance or owed duty of care and whether it was appropriate to strike out claim. CC had struck out claim. Appeal dismissed.
590 _aWB
650 _aNUISANCE
650 _aMOWAN V WANDSWORTH LBC
690 _aLANDLORD AND TENANT-RESIDENTIAL TENANCIES-CASE LAW
942 _n0
999 _c65912
_d65912